000 00642nam a2200193 i 4500
001 188886
003 ES-MaACL
005 20250522203634.0
008 190221s1965 sp |||| | cat d
100 0 _aEllin, Stanley.
_947026
245 1 0 _aCal saber encaixar /
_cStanley Ellin ; [traducció de Ramon Folch i Camarasa].
260 _aBarcelona :
_bEdiciones 62,
_c[1965]
300 _a113 p. ;
_c18 cm.
490 1 _aCol·lecció "La Cua de Palla" ;
_v26
700 1 _aFolch i Camarasa, Ramon,
_d1926-
_951450
830 0 _aCol·lecció "La Cua de Palla" ;
_v26
_9193174
852 _aES-MaACL
_jP-507-Bis-23
999 _c188886
_d188886